Statistics for Countries on a straight line between Guatemala City and Nairobi

Click here to take the quiz!

General Stats

  • This quiz has been taken 19 times
  • The average score is 15 of 17

Answer Stats

Country% Correct
Central African Republic
94%
Democratic Republic of the Congo
94%
Honduras
94%
Mali
94%
Benin
89%
Burkina Faso
89%
Cameroon
89%
Ghana
89%
Kenya
89%
Nigeria
89%
Senegal
89%
Togo
89%
Uganda
89%
Gambia
83%
Guatemala
83%
Guinea
83%
Saint Kitts and Nevis
67%

Score Distribution

Percentile by Number Answered

Percent of People with Each Score

Your Score History

You have not taken this quiz